000 01259nam a2200361 a 4500
001 000108454
003 CHAP
005 20240527093018.0
008 140214s2013 it |r| ||||||eng d
010 _a104916
011 _a105888
020 _a9789251073889
040 _cCHAP
082 0 4 _a639.2
_bF62y v.21
245 1 0 _aSite selection and carrying capacities for inland and coastal aquaculture :
_bFAO/Institute of Aquaculture, University of Stirling, Expert Workshop, 6-8 December 2010, Stirling, the United Kingdom of Great Britain and Northern Ireland /
_ceditado por Lindsay G. Ross ... [et al.].
260 _aRoma :
_bFAO,
_c2013.
300 _ax,46 p.
_e; + 1 CD ROM (4 3/4 plg.)
490 1 _aFisheries proceedings
_v; 21
590 _aE5995AHE
_b05
_c20140214
590 _aE5995AHE
_b05
_c20140214
590 _aE5995AHE
_b05
_c20140214
590 _aE5995AHE
_b05
_c20140214
650 1 4 _aAcuicultura
_xAsia
_9759
650 1 4 _aAcuicultura
_zAfrica.
_9782
650 1 4 _aAcuicultura
_zChina
_9787
650 1 4 _aPesca continental.
_987434
650 1 4 _aPesca costera.
_987436
700 1 _aRoss, Lindsay G.
_e, ed.
_9125435
830 0 0 _aFisheries proceedings
_v; 21
_941120
901 _aBK
942 _cLIBRO
_2ddc
942 _n0
_2ddc
999 _c104916
_d104916